| 000 | 01013nam0a22002771 4500 | ||
|---|---|---|---|
| 001 | v19\rc\1261679 | ||
| 005 | 20260405134731.0 | ||
| 035 | _a(NLR Aleph) 005192647 | ||
| 090 |
_a5228871 _c5228871 |
||
| 100 | _a20060306d1893 |||y0rusy50 ca | ||
| 101 | 0 | _arus | |
| 102 | _aRU | ||
| 105 | _ay z |||a| | ||
| 200 | 1 |
_aБожья воля _eРоман в 4-х ч. _f[Соч.] Мавра Иокая |
|
| 210 |
_aСанкт-Петербург _cтип. В.В. Комарова _d1893 |
||
| 215 |
_a318 с. _d21 |
||
| 225 | 1 |
_aПрил. романов [к газ.] "Свет" _v1893. Март |
|
| 316 |
_aЭкз. РНБ (2/1407): 2-й экз. деф.: отсутствует обл. _5NLR: 2/1407 |
||
| 700 | 1 |
_8rus _7ca _aЙокаи _bМ. _f1825-1904 _gМор _3RU\NLR\AUTH\7755208 _938140 |
|
| 790 | 1 |
_aИокай _bМ. _f1825-1904 _gМавр |
|
| 801 | 0 |
_aRU _bNLR _c20060306 _gpsbo |
|
| 801 | 1 |
_aRU _bProSoft-M _c20060306 _2rusmarc |
|
| 801 | 2 |
_aRU _bNLR _c20070903 _2rusmarc |
|
| 852 |
_aNLR _j2/1407 |
||
| 942 | _cBOOK | ||
| 980 | _aNB | ||